01830nam a22002057a 4500003000400000005001700004008004100021020002200062040001000084080001400094100004300108245004900151250001100200260003500211300002200246490002600268520128600294650003301580655001101613OSt20250825094408.0250825b es |||||| 00| f spa d a978-84-204-2393-7 cBesoc 082-31(83)1 aBolaño, Roberto, d1953-2003.eautor14aLos detectives salvajes /cRoberto Bolaño. a1a ed. aBarcelona :bAlfaguara,c2016. a785 p. ;c24 cm. 0 aNarrativa Hispánica3 aTodo lo que comienza como comedia indefectiblemente acaba como misterio. Dos jóvenes poetas latinoamericanos, Arturo Belano y Ulises Lima, emprenden una aventura que transcurrirá durante varias décadas y cruzará distintos países. Símbolo de la rebeldía y la necesidad de ruptura con la realidad establecida, sus vidas representan los anhelos de toda una generación. La búsqueda en 1975 de la misteriosa escritora mexicana Cesárea Tinajero, desaparecida y olvidada en los años posteriores a la revolución, sirve de inicio a un viaje sin descanso marcado por el amor, la muerte, el deseo de libertad, el humor y la literatura. En esta novela está esbozado, como si de un juego de cajas chinas se tratara, todo el deslumbrante universo literario y personal de Roberto Bolaño. Entre la narrativa detectivesca, la novela «de carretera», el relato biográfico y la crónica, Los detectives salvajes está considerada por la crítica y el público de todo el mundo como una de las mejores y más originales ficciones escritas en las últimas décadas. Ganadora de los premios Herralde y Rómulo Gallegos, en ella está esbozado, como si de un juego de cajas chinas se tratara, todo el deslumbrante universo literario y personal de Roberto Bolaño. 4aLiteratura chilenaySiglo XX 4aNovela